000 00589nam a2200229Ia 4500
003 OSt
005 20221007071429.0
006 a|||||r|||| 00| 0
007 ta
008 221006b |||||||| |||| 00| 0 eng d
024 _a25,575
037 _cTextual
040 _aFLL
_cFLL
_beng
041 _2eng
_aeng
082 _aZ3:5223qN68, K8
100 _aSmith J.C.
245 0 _aTheft act 1968
260 _aLondon
_bButterworths London
_c1968
300 _axxii,1-226p
_ccm.
942 _hZ3:5223qN68, K8
_cTEXL
_2CC
999 _c1143319
_d1143319